00569nam a2200133Ia 4500008004100000100002100041245013300062260004600195300002000241650001300261856006900274999001900343952007300362160712s9999 xx 000 0 und d aBarrios, John E. cJohn E. Barriosa“Pataasan ng Ihi” Bilang Pangangatwiran: Politikal na Diskurso ng Taumbayan sa mga Kuwentong Bayan ng Aklan c2012bDaluyan: Journal ng Wikang Filipino avol. 18 no. 1-2 xFILIPINO uhttp://journals.upd.edu.ph/index.php/djwf/issue/view/340/showToc c297419d297419 001040aCLbCLd2016-07-12l0r2016-07-12 00:00:00w2016-07-12yFEJ